| 000 | 00610nam a22002177a 4500 | ||
|---|---|---|---|
| 999 |
_c8462 _d8462 |
||
| 001 | 22158 | ||
| 003 | BD-DhUAP | ||
| 005 | 20240320121327.0 | ||
| 008 | 240320b2015 br a|||| |||| 001 0beng d | ||
| 020 | _a9783037610985 | ||
| 040 |
_aBD-DhUAP _bGerman _cBD-DhUAP _dBD-DhUAP |
||
| 082 |
_223 _a720.92 STE |
||
| 100 | _aHerausgeber, | ||
| 245 |
_aBauten und Projekte 1995 - 2015 / _cHerausgeber... [et al.]. |
||
| 260 |
_aBerlin: _bQuart Verlag, _c2015. |
||
| 300 |
_a412 p. ; _c25 cm. |
||
| 440 | _aGraber & Steiger | ||
| 504 | _aInclude Index and Bibliography | ||
| 650 | _aBuilding Projects | ||
| 942 |
_2ddc _cBK |
||